[Event "5th Novi Sad it"]
[Site "Novi Sad"]
[Date "1976.10.12"]
[EventDate "1976.09.29"]
[Round "12.6"]
[White "Matulovic, Milan"]
[Black "Marjan, Dusan"]
[Result "1-0"]
[WhiteElo "2505"]
[BlackElo "2235"]
[PlyCount "55"]
[Source "Perpetual Check"]

1. e4 e5 2. Nf3 Nc6 3. Bb5 a6 4. Ba4 d6 5. O-O Bg4 6. h3 h5 7. d4 b5 8. Bb3
Nxd4 9. hxg4 hxg4 10. Ng5 Nh6 11. f4 d5 12. Bxd5 Bc5 13. Be3 Qd6 14. b4 Bb6 15.
Nxf7 Nxf7 16. Bxf7+ Ke7 17. Nc3 Qh6 18. Nd5+ Kxf7 19. Qxg4 Qh2+ 20. Kf2 Rh4 21.
Qd7+ Kg8 22. Rh1 Qxh1 23. Rxh1 Rxh1 24. Nxb6 Rf8 25. Nd5 c6 26. Bxd4 exd4 27.
Ne7+ Kh7 28. Nf5 1-0

[Event "5th Novi Sad it"]
[Site "Novi Sad"]
[Date "1976.10.12"]
[EventDate "1976.09.29"]
[Round "12.7"]
[White "Sax, Gyula"]
[Black "Garcia Gonzales, Guillermo"]
[Result "1/2-1/2"]
[WhiteElo "2530"]
[BlackElo "2475"]
[PlyCount "82"]
[Source "Perpetual Check"]

1. e4 c6 2. c4 d5 3. exd5 cxd5 4. cxd5 Qxd5 5. Nc3 Qd8 6. d4 e6 7. Nf3 Nf6 8.
Bd3 Be7 9. O-O Nc6 10. a3 O-O 11. Re1 b6 12. Bc2 Bb7 13. Qd3 g6 14. Bh6 Re8 15.
Rad1 Rc8 16. Ba4 a6 17. Ne5 b5 18. Bb3 Nxe5 19. dxe5 Qxd3 20. Rxd3 Ng4 21. Bf4
g5 22. Bc1 Rc5 23. f4 Rd8 24. Rg3 h5 25. Rh3 Rd4 26. Rxh5 gxf4 27. h3 Ne3 28.
Bxe3 fxe3 29. Rxe3 Rh4 30. Bd1 Kf8 31. Re1 Bc6 32. Kf2 Rxh5 33. Bxh5 Bh4+ 34.
g3 Bd8 35. Bf3 Bb6 36. Kg2 Be8 37. Ne4 Rxe5 38. Rd1 Ke7 39. Nd6 Rc5 40. Rd2 Bc7
41. Nxe8 Kxe8 1/2-1/2

[Event "5th Novi Sad it"]
[Site "Novi Sad"]
[Date "1976.10.12"]
[EventDate "1976.09.29"]
[Round "12.8"]
[White "Smejkal, Jan"]
[Black "Popovic, Petar"]
[Result "1-0"]
[WhiteElo "2615"]
[BlackElo "2405"]
[PlyCount "43"]
[Source "Perpetual Check"]

1. d4 Nf6 2. c4 e5 3. dxe5 Ne4 4. Nf3 Nc6 5. a3 d6 6. Qc2 Bf5 7. Nc3 Nxc3 8.
Qxf5 Na4 9. g3 Be7 10. Qc2 Nc5 11. b4 Ne6 12. exd6 cxd6 13. Bg2 O-O 14. O-O Rc8
15. Bb2 Qb6 16. Rfd1 Rfd8 17. Qe4 a5 18. Bh3 axb4 19. Bxe6 fxe6 20. Qxe6+ Kh8
21. Rd5 bxa3 22. Ng5 1-0

[Event "5th Novi Sad it"]
[Site "Novi Sad"]
[Date "1976.10.13"]
[EventDate "1976.09.29"]
[Round "13.1"]
[White "Popovic, Petar"]
[Black "Buljovcic, Ivan"]
[Result "1-0"]
[WhiteElo "2405"]
[BlackElo "2455"]
[PlyCount "87"]
[Source "Perpetual Check"]

1. e4 c5 2. Nf3 d6 3. Nc3 a6 4. g3 Nc6 5. Bg2 g6 6. d4 cxd4 7. Nxd4 Bg7 8. Be3
Bd7 9. O-O Nf6 10. Nd5 O-O 11. c4 Rb8 12. h3 Ne8 13. Qd2 Nc7 14. Nb3 Nxd5 15.
exd5 Ne5 16. Qe2 Qc8 17. f4 Nxc4 18. Rac1 b5 19. Nd4 Bxh3 20. Nc6 Rb7 21. Bf2
Bxg2 22. Kxg2 Bxb2 23. Rcd1 Bf6 24. g4 Re8 25. Rh1 e5 26. f5 gxf5 27. Rh5 Rc7
28. Rxf5 Bg7 29. Qe4 f6 30. Bh4 Rf8 31. Rh1 h6 32. Rf2 Qe8 33. Rhf1 Rcf7 34.
Re2 Kh8 35. Qg6 Rd7 36. Qf5 Rc7 37. Nd4 Qf7 38. Ne6 Rc5 39. g5 Qh5 40. gxf6
Qxe2+ 41. Kh1 Kg8 42. Rg1 Rf7 43. Rxg7+ Rxg7 44. f7+ 1-0

[Event "5th Novi Sad it"]
[Site "Novi Sad"]
[Date "1976.10.13"]
[EventDate "1976.09.29"]
[Round "13.2"]
[White "Garcia Gonzales, Guillermo"]
[Black "Smejkal, Jan"]
[Result "1/2-1/2"]
[WhiteElo "2475"]
[BlackElo "2615"]
[PlyCount "35"]
[Source "Perpetual Check"]

1. e4 e5 2. Nf3 Nc6 3. d4 exd4 4. Nxd4 Bc5 5. Nb3 Bb4+ 6. c3 Be7 7. c4 Nf6 8.
Nc3 O-O 9. a3 d6 10. Be2 Re8 11. O-O Nd7 12. Be3 Bf6 13. Rc1 Bxc3 14. Rxc3 Rxe4
15. c5 Nxc5 16. Bf3 Re8 17. Bxc6 bxc6 18. Nxc5 1/2-1/2

[Event "5th Novi Sad it"]
[Site "Novi Sad"]
[Date "1976.10.13"]
[EventDate "1976.09.29"]
[Round "13.3"]
[White "Marjan, Dusan"]
[Black "Sax, Gyula"]
[Result "0-1"]
[WhiteElo "2235"]
[BlackElo "2530"]
[PlyCount "97"]
[Source "Perpetual Check"]

1. e4 c5 2. Nf3 d6 3. d4 cxd4 4. Nxd4 Nf6 5. Nc3 e6 6. Be3 Be7 7. Be2 Nc6 8.
O-O O-O 9. f4 e5 10. Nb3 a5 11. f5 a4 12. Nd2 Nd4 13. Bc4 b5 14. Nxb5 Nxb5 15.
Bxb5 a3 16. b3 Bb7 17. Bd3 d5 18. Qf3 Bb4 19. exd5 Qxd5 20. Qe2 Qc6 21. Bg5 e4
22. Bc4 e3 23. Nf3 Ne4 24. Nd4 Qb6 25. Bxe3 Bc5 26. Qd3 Rad8 27. c3 Nxc3 28.
Qxc3 Rxd4 29. Be2 Re8 30. Kh1 Rxe3 31. Qxe3 Bxg2+ 32. Kxg2 Rg4+ 33. Qg3 Rxg3+
34. hxg3 g6 35. Bc4 Qc6+ 36. Kh2 g5 37. f6 h5 38. Rad1 Kh7 39. Bxf7 h4 40. Bd5
Qc7 41. Rd3 Qe5 42. Kh3 hxg3 43. f7 Qe2 44. Rdd1 Qh5+ 45. Kg2 Qh2+ 46. Kf3 g2
47. Rfe1 g1=Q 48. Rxg1 Qf4+ 49. Kg2 0-1

[Event "5th Novi Sad it"]
[Site "Novi Sad"]
[Date "1976.10.13"]
[EventDate "1976.09.29"]
[Round "13.4"]
[White "Vukic, Milan"]
[Black "Matulovic, Milan"]
[Result "0-1"]
[WhiteElo "2510"]
[BlackElo "2505"]
[PlyCount "146"]
[Source "Perpetual Check"]

1. Nf3 g6 2. c4 Bg7 3. d4 d6 4. Nc3 e5 5. e4 exd4 6. Nxd4 Nc6 7. Be3 Nge7 8.
Be2 O-O 9. O-O f5 10. Qd2 fxe4 11. Nxe4 Nf5 12. Nxf5 Bxf5 13. Nc3 Qf6 14. Rfd1
Kh8 15. Rac1 Rae8 16. b3 b6 17. Nd5 Qf7 18. Re1 a5 19. a3 Bc8 20. Rcd1 Bb7 21.
Bf1 Qd7 22. Bh6 Ne5 23. Bf4 Ng4 24. f3 Nf6 25. Nc3 Nh5 26. Be3 Qf7 27. a4 Bc6
28. Nd5 Nf6 29. Nc3 Nd7 30. Bd3 Nc5 31. Bc2 Re7 32. Bf2 Rfe8 33. Rxe7 Rxe7 34.
Ne2 Qe8 35. Kf1 Kg8 36. h4 Bd7 37. Nf4 Bh6 38. Nd5 Bxd2 39. Nf6+ Kf7 40. Nxe8
Rxe8 41. Rxd2 Bf5 42. Bd1 h5 43. g4 hxg4 44. fxg4 Bd7 45. Rd4 Ne4 46. Be1 Kf6
47. Bf3 Bc6 48. Kg2 g5 49. Rd3 gxh4 50. Bxh4+ Kg6 51. Re3 Kf7 52. Bg3 Nd2 53.
Rxe8 Bxf3+ 54. Kf2 Kxe8 55. Bf4 Nxb3 56. Kxf3 Nc5 57. Ke3 Nxa4 58. Kd4 Nc5 59.
Kd5 Kd7 60. Be3 c6+ 61. Kd4 Ke6 62. Bg5 a4 63. Be3 b5 64. cxb5 cxb5 65. Kc3 Na6
66. Bd2 Kd5 67. Kc2 Nb8 68. Kb2 Nc6 69. Ka3 Ke4 70. g5 Kf5 71. Kb2 d5 72. Ka3
d4 73. Bc1 Ne5 0-1

[Event "5th Novi Sad it"]
[Site "Novi Sad"]
[Date "1976.10.13"]
[EventDate "1976.09.29"]
[Round "13.5"]
[White "Olafsson, Fridrik"]
[Black "Gligoric, Svetozar"]
[Result "1/2-1/2"]
[WhiteElo "2550"]
[BlackElo "2575"]
[PlyCount "41"]
[Source "Perpetual Check"]

1. d4 Nf6 2. c4 g6 3. Nc3 Bg7 4. e4 d6 5. f3 O-O 6. Be3 e5 7. d5 c6 8. Bd3 cxd5
9. cxd5 Nbd7 10. Nge2 Nh5 11. O-O f5 12. exf5 gxf5 13. Qd2 Ndf6 14. Kh1 Kh8 15.
Bg5 Qb6 16. a4 Bd7 17. Bb5 Qd8 18. f4 a6 19. Bxd7 Qxd7 20. Qd3 Ng4 21. Qh3
1/2-1/2

[Event "5th Novi Sad it"]
[Site "Novi Sad"]
[Date "1976.10.13"]
[EventDate "1976.09.29"]
[Round "13.6"]
[White "Deze, Anton"]
[Black "Notaros, Krasoje"]
[Result "1/2-1/2"]
[WhiteElo "2415"]
[BlackElo "2350"]
[PlyCount "80"]
[Source "Perpetual Check"]

1. d4 g6 2. c4 Bg7 3. Nc3 d6 4. e4 Nc6 5. Be3 e5 6. d5 Nce7 7. c5 f5 8. cxd6
cxd6 9. Bb5+ Kf7 10. Nf3 h6 11. exf5 gxf5 12. Qb3 Nf6 13. O-O-O Ng4 14. Rhe1
Nxe3 15. Rxe3 a6 16. Bf1 Bf6 17. Kb1 Ng6 18. g3 b5 19. h4 f4 20. Ree1 Bg4 21.
Ne4 Kg7 22. Rc1 Be7 23. Nfd2 h5 24. Bd3 Rc8 25. Rxc8 Qxc8 26. Rc1 Qb7 27. Rc6
fxg3 28. fxg3 Qa7 29. Nxd6 Bxd6 30. Bxg6 Qg1+ 31. Rc1 Qd4 32. Qd3 Rd8 33. Nb3
Qxd3+ 34. Bxd3 e4 35. Bxe4 Bxg3 36. Nc5 Re8 37. Ne6+ Bxe6 38. dxe6 Rxe6 39. Bd5
Re1 40. Bf3 Kh6 1/2-1/2

[Event "5th Novi Sad it"]
[Site "Novi Sad"]
[Date "1976.10.13"]
[EventDate "1976.09.29"]
[Round "13.7"]
[White "Sigurjonsson, Gudmundur"]
[Black "Ivkov, Borislav"]
[Result "1/2-1/2"]
[WhiteElo "2530"]
[BlackElo "2520"]
[PlyCount "33"]
[Source "Perpetual Check"]

1. e4 e5 2. Nf3 Nc6 3. Bb5 a6 4. Ba4 Nf6 5. O-O Be7 6. Re1 b5 7. Bb3 O-O 8. c3
d6 9. h3 Nd7 10. d4 Bb7 11. a4 Na5 12. Bc2 c5 13. Nbd2 cxd4 14. cxd4 Nc6 15.
axb5 axb5 16. Rxa8 Qxa8 17. Nb3 1/2-1/2

[Event "5th Novi Sad it"]
[Site "Novi Sad"]
[Date "1976.10.14"]
[EventDate "1976.09.29"]
[Round "14.2"]
[White "Ivkov, Borislav"]
[Black "Hort, Vlastimil"]
[Result "1/2-1/2"]
[WhiteElo "2520"]
[BlackElo "2600"]
[PlyCount "32"]
[Source "Perpetual Check"]

1. e4 e5 2. Nf3 Nc6 3. Bb5 a6 4. Ba4 Nf6 5. O-O Be7 6. Re1 b5 7. Bb3 d6 8. c3
O-O 9. h3 Nb8 10. d4 Nbd7 11. Bg5 Bb7 12. Nbd2 h6 13. Bh4 Re8 14. a4 c5 15.
dxe5 Nxe5 16. Nxe5 dxe5 1/2-1/2

[Event "5th Novi Sad it"]
[Site "Novi Sad"]
[Date "1976.10.14"]
[EventDate "1976.09.29"]
[Round "14.3"]
[White "Notaros, Krasoje"]
[Black "Sigurjonsson, Gudmundur"]
[Result "0-1"]
[WhiteElo "2350"]
[BlackElo "2530"]
[PlyCount "63"]
[Source "Perpetual Check"]

1. Nf3 Nf6 2. g3 g6 3. Bg2 Bg7 4. O-O O-O 5. c4 d6 6. Nc3 e5 7. d3 Nc6 8. Rb1
a5 9. a3 Bf5 10. e4 Bg4 11. h3 Bxf3 12. Bxf3 Nd4 13. Bg2 c6 14. Be3 Nd7 15. b4
axb4 16. axb4 Ra3 17. Bxd4 exd4 18. Ne2 Qb6 19. Rb3 Rfa8 20. Qc2 Rxb3 21. Qxb3
Nc5 22. Qb1 Na4 23. Qb3 Nc3 24. Re1 Ra6 25. h4 Qa7 26. c5 dxc5 27. Nxc3 dxc3
28. e5 Ra3 29. Qc4 b5 30. Qe4 Ra1 31. bxc5 c2 32. e6 0-1

[Event "5th Novi Sad it"]
[Site "Novi Sad"]
[Date "1976.10.14"]
[EventDate "1976.09.29"]
[Round "14.4"]
[White "Gligoric, Svetozar"]
[Black "Deze, Anton"]
[Result "1/2-1/2"]
[WhiteElo "2575"]
[BlackElo "2415"]
[PlyCount "68"]
[Source "Perpetual Check"]

1. d4 Nf6 2. c4 c5 3. d5 b5 4. cxb5 a6 5. Nc3 axb5 6. e4 b4 7. Nb5 d6 8. Nf3 g6
9. e5 dxe5 10. Nxe5 Bg7 11. Bc4 O-O 12. O-O Nfd7 13. f4 Nb6 14. b3 Bb7 15. Be3
N8d7 16. Nc6 Bxc6 17. dxc6 Bxa1 18. Qxa1 Nxc4 19. c7 Qc8 20. bxc4 Qb7 21. f5
Rfc8 22. Bh6 Nf6 23. Nd6 Qxc7 24. Nxc8 Qxc8 25. fxg6 fxg6 26. Qe5 Qd7 27. Qxc5
Rxa2 28. Qxb4 Qd4+ 29. Kh1 Qe4 30. Qb8+ Kf7 31. Qf8+ Ke6 32. Qc8+ Kf7 33. Qf8+
Ke6 34. Qc8+ Kf7 1/2-1/2

[Event "5th Novi Sad it"]
[Site "Novi Sad"]
[Date "1976.10.14"]
[EventDate "1976.09.29"]
[Round "14.5"]
[White "Matulovic, Milan"]
[Black "Olafsson, Fridrik"]
[Result "1/2-1/2"]
[WhiteElo "2505"]
[BlackElo "2550"]
[PlyCount "118"]
[Source "Perpetual Check"]

1. e4 e5 2. Nf3 Nc6 3. Bb5 Nf6 4. O-O Nxe4 5. Re1 Nf6 6. Nxe5 Be7 7. d4 O-O 8.
c3 Nxe5 9. dxe5 Ne8 10. Bf4 d5 11. exd6 Nxd6 12. Bd3 Bg5 13. Qh5 h6 14. Bxg5
Qxg5 15. Qxg5 hxg5 16. Nd2 Rd8 17. Nf3 g4 18. Ne5 Be6 19. Be2 f5 20. f3 gxf3
21. Bxf3 Kh7 22. b3 Bg8 23. c4 c6 24. Rad1 g6 25. c5 Ne4 26. Bxe4 fxe4 27. Rxd8
Rxd8 28. Rxe4 Rd2 29. Ng4 Kg7 30. Re7+ Kf8 31. Rxb7 Rxa2 32. Rb8+ Kg7 33. Rb7+
Kf8 34. Ne5 g5 35. Nxc6 Bd5 36. Rb8+ Kg7 37. Nb4 Rxg2+ 38. Kf1 Bf3 39. c6 Rxh2
40. c7 Bg4 41. Nc6 Rc2 42. c8=Q Bxc8 43. Rxc8 a6 44. Ke1 g4 45. Kd1 Rc3 46. b4
g3 47. Ke2 Rc2+ 48. Kf1 Kf6 49. Kg1 Kg7 50. Rc7+ Kf6 51. Kf1 Rf2+ 52. Kg1 Rc2
53. Rh7 Kg6 54. Rc7 Kf6 55. Ne7 Rxc7 56. Nd5+ Ke5 57. Nxc7 Kd4 58. Nxa6 Kc4 59.
Kg2 Kb5 1/2-1/2

[Event "5th Novi Sad it"]
[Site "Novi Sad"]
[Date "1976.10.14"]
[EventDate "1976.09.29"]
[Round "14.6"]
[White "Sax, Gyula"]
[Black "Vukic, Milan"]
[Result "1-0"]
[WhiteElo "2530"]
[BlackElo "2510"]
[PlyCount "99"]
[Source "Perpetual Check"]

1. e4 b6 2. d4 Bb7 3. Bd3 e6 4. c4 Nf6 5. Nc3 Nc6 6. Nf3 d6 7. Bc2 Be7 8. d5
exd5 9. exd5 Nb8 10. O-O O-O 11. b3 Re8 12. Re1 a6 13. Bb2 Nbd7 14. Qd4 c5 15.
dxc6 Bxc6 16. Qf4 Qc7 17. Nd4 Bb7 18. Nf5 Bf8 19. Qg5 g6 20. Nh6+ Bxh6 21. Qxh6
Qc5 22. Be4 Qe5 23. Re2 Bxe4 24. Nxe4 Qh5 25. Qxh5 Nxh5 26. Re3 Re6 27. Rd1
Rae8 28. Rxd6 Rxd6 29. Nxd6 Rxe3 30. fxe3 Ng7 31. Bd4 Ne6 32. Kf2 f5 33. Ke2
Nec5 34. b4 Na4 35. Kd3 Kf8 36. Nb7 Ke7 37. c5 b5 38. e4 Nf8 39. exf5 gxf5 40.
Nd6 Ke6 41. Ne8 Kd7 42. Ng7 Ng6 43. Nxf5 Nf4+ 44. Ke4 Nxg2 45. Be5 Ne1 46. Kd5
Nc2 47. c6+ Ke8 48. Kd6 Nb6 49. c7 Nc8+ 50. Ke6 1-0

[Event "5th Novi Sad it"]
[Site "Novi Sad"]
[Date "1976.10.14"]
[EventDate "1976.09.29"]
[Round "14.7"]
[White "Smejkal, Jan"]
[Black "Marjan, Dusan"]
[Result "1-0"]
[WhiteElo "2615"]
[BlackElo "2235"]
[PlyCount "123"]
[Source "Perpetual Check"]

1. Nf3 d5 2. g3 g6 3. Bg2 Bg7 4. d4 c6 5. O-O Nf6 6. b3 O-O 7. Bb2 Bf5 8. Nbd2
Nbd7 9. c4 Ne4 10. Nh4 Nxd2 11. Qxd2 Be6 12. cxd5 cxd5 13. Rfc1 Qb6 14. Nf3
Rfc8 15. Ba3 Bf6 16. e3 Qd8 17. Ne1 Nf8 18. Qb4 Qd7 19. Nd3 b6 20. Nf4 Rxc1+
21. Rxc1 Rc8 22. Rxc8 Qxc8 23. Nxd5 Bxd5 24. Bxd5 Qc2 25. Qa4 e6 26. Bc6 Qxa2
27. Qxa7 Qxb3 28. h4 Bg7 29. Bd6 h6 30. Qb8 g5 31. hxg5 hxg5 32. Kg2 Qb1 33.
Qb7 Qh7 34. Qxb6 Qh5 35. Qb8 Qg6 36. Qc8 Qh6 37. Be4 f5 38. Bc6 Kh7 39. Kg1 Qf6
40. Bb5 Ng6 41. Bc4 e5 42. dxe5 Nxe5 43. Bxe5 Qxe5 44. Bd3 Bf6 45. Bxf5+ Kg7
46. Kg2 Qe7 47. Kf3 Qd8 48. Qb7+ Qe7 49. Qc6 Qd8 50. Kg4 Qe7 51. e4 Qd8 52. f3
Qe7 53. Be6 Qd8 54. Kf5 Qf8 55. Qd7+ Be7+ 56. Kg4 Kh6 57. e5 Kg7 58. Bc4 Kh8
59. Qe6 Qg7 60. Qc8+ Bf8 61. Qe8 Qh6 62. Qf7 1-0

[Event "5th Novi Sad it"]
[Site "Novi Sad"]
[Date "1976.10.14"]
[EventDate "1976.09.29"]
[Round "14.8"]
[White "Popovic, Petar"]
[Black "Garcia Gonzales, Guillermo"]
[Result "0-1"]
[WhiteElo "2405"]
[BlackElo "2475"]
[PlyCount "79"]
[Source "Perpetual Check"]

1. e4 c6 2. d3 e5 3. Nf3 d6 4. Be2 Be7 5. O-O f5 6. Nbd2 Nf6 7. Re1 O-O 8. Bf1
Na6 9. a3 fxe4 10. dxe4 Bg4 11. b4 Nc7 12. h3 Bh5 13. Be2 Ne6 14. g3 Qc7 15.
Bb2 Rae8 16. c4 c5 17. Nh4 Bxe2 18. Qxe2 g6 19. Ng2 Nd4 20. Bxd4 cxd4 21. Rf1
Nh5 22. Ne1 Bg5 23. Ndf3 Bh6 24. Ra2 Rc8 25. Rc2 Qd7 26. Kg2 Qe6 27. Nh2 Rc7
28. Ng4 Bg7 29. Nf3 Rfc8 30. Rfc1 Nf6 31. Ng5 Qe7 32. c5 d5 33. Nxf6+ Qxf6 34.
h4 h6 35. Nf3 Rf7 36. Rd2 Rcf8 37. Rd3 Qa6 38. Rc2 g5 39. Rb3 Qa4 40. exd5 0-1

[Event "5th Novi Sad it"]
[Site "Novi Sad"]
[Date "1976.10.16"]
[EventDate "1976.09.29"]
[Round "15.1"]
[White "Garcia Gonzales, Guillermo"]
[Black "Buljovcic, Ivan"]
[Result "1-0"]
[WhiteElo "2475"]
[BlackElo "2455"]
[PlyCount "77"]
[Source "Perpetual Check"]

1. d4 d5 2. Nf3 Nf6 3. g3 c5 4. c4 dxc4 5. Qa4+ Nbd7 6. Bg2 e6 7. O-O a6 8. Nc3
cxd4 9. Nxd4 Bc5 10. Qxc4 Qe7 11. Nb3 Ba7 12. Bf4 h6 13. Qd3 e5 14. Be3 Bxe3
15. Qxe3 O-O 16. Rac1 Re8 17. Rfd1 Nf8 18. Qc5 Bf5 19. Qxe7 Rxe7 20. Na5 e4 21.
Nd5 Nxd5 22. Rxd5 Bg4 23. Kf1 Be6 24. Rd4 f5 25. f3 exf3 26. Bxf3 Rb8 27. Rb4
b5 28. a4 Rb6 29. Nc6 Rc7 30. a5 Rb8 31. Rd1 Re8 32. Rbd4 Bc8 33. Nb4 Ne6 34.
Rd6 Nc5 35. Rc1 Ne4 36. Rxc7 Nxd6 37. Nxa6 Nc4 38. Bd5+ Be6 39. Rc8 1-0

[Event "5th Novi Sad it"]
[Site "Novi Sad"]
[Date "1976.10.16"]
[EventDate "1976.09.29"]
[Round "15.2"]
[White "Marjan, Dusan"]
[Black "Popovic, Petar"]
[Result "0-1"]
[WhiteElo "2235"]
[BlackElo "2405"]
[PlyCount "110"]
[Source "Perpetual Check"]

1. e4 g6 2. d4 Bg7 3. Nc3 d6 4. f4 Nc6 5. Be3 Nf6 6. Be2 O-O 7. d5 Nb8 8. g4 c6
9. g5 Ne8 10. Bd4 cxd5 11. exd5 Bf5 12. Bxg7 Nxg7 13. Qd2 Na6 14. Nf3 Qb6 15.
O-O-O Nc5 16. Nd4 Ne4 17. Nxe4 Bxe4 18. Bf3 Bxf3 19. Nxf3 Rfc8 20. Rhe1 Rc7 21.
Nd4 Rac8 22. b3 Qc5 23. Kb1 Qxd5 24. c4 Qc5 25. h4 a6 26. Qh2 Nf5 27. Nf3 b5
28. Rd5 Qa3 29. h5 bxc4 30. hxg6 fxg6 31. Qb2 Qxb2+ 32. Kxb2 cxb3 33. axb3 Rc2+
34. Ka3 R8c5 35. Rxc5 Rxc5 36. Kb2 Kf7 37. Rh1 Kg7 38. Re1 a5 39. Re2 Rb5 40.
Re4 Rb4 41. Rxb4 axb4 42. Kc2 Kf7 43. Kd3 Ke6 44. Kc4 Ne3+ 45. Kxb4 Nd5+ 46.
Kc4 Nxf4 47. b4 Kd7 48. b5 e5 49. Kb4 Kc7 50. Ka5 Kb7 51. Nd2 d5 52. Nb3 Ne6
53. b6 e4 54. Kb5 e3 55. Na5+ Kc8 0-1

[Event "5th Novi Sad it"]
[Site "Novi Sad"]
[Date "1976.10.16"]
[EventDate "1976.09.29"]
[Round "15.3"]
[White "Vukic, Milan"]
[Black "Smejkal, Jan"]
[Result "1/2-1/2"]
[WhiteElo "2510"]
[BlackElo "2615"]
[PlyCount "111"]
[Source "Perpetual Check"]

1. Nf3 d5 2. g3 Bg4 3. Bg2 Nd7 4. c4 e6 5. b3 Ngf6 6. Bb2 c6 7. O-O Bd6 8. d4
Qb8 9. Nbd2 O-O 10. Re1 a5 11. a3 Re8 12. Qc1 h6 13. e4 dxe4 14. Nxe4 Nxe4 15.
Rxe4 Bf5 16. Re1 Be7 17. Nd2 Qc7 18. Bc3 Bf6 19. Ne4 Bxe4 20. Bxe4 Rad8 21. Qe3
c5 22. dxc5 Bxc3 23. Qxc3 Nxc5 24. Bc2 b6 25. b4 Nb7 26. Ba4 Re7 27. Red1 Rc8
28. Rac1 axb4 29. axb4 e5 30. Rd5 e4 31. c5 bxc5 32. bxc5 Nd8 33. c6 Ra8 34.
Bb5 Ne6 35. Rcd1 Qb6 36. Be2 Rc7 37. Rc1 Ra2 38. Rb5 Qa7 39. Rb2 Rxc6 40. Qxc6
Rxb2 41. Qxe4 Qb7 42. Qd3 g6 43. h4 h5 44. Qe3 Rb1 45. Rxb1 Qxb1+ 46. Kg2 Qc2
47. Bd3 Qc3 48. Qe2 Kg7 49. Bc4 Nc5 50. Qa2 Qf6 51. Bd5 Nd3 52. Qd2 Ne5 53. f3
Nc6 54. Qc1 Ne7 55. Be4 Nf5 56. Bxf5 1/2-1/2

[Event "5th Novi Sad it"]
[Site "Novi Sad"]
[Date "1976.10.16"]
[EventDate "1976.09.29"]
[Round "15.5"]
[White "Deze, Anton"]
[Black "Matulovic, Milan"]
[Result "0-1"]
[WhiteElo "2415"]
[BlackElo "2505"]
[PlyCount "70"]
[Source "Perpetual Check"]

1. c4 g6 2. Nf3 Bg7 3. Nc3 c5 4. g3 Nc6 5. Bg2 e5 6. O-O Nge7 7. d3 O-O 8. a3
d6 9. Rb1 a5 10. Ne1 Be6 11. Nc2 d5 12. cxd5 Nxd5 13. Ne3 Nde7 14. Bd2 b6 15.
Rc1 Rb8 16. Nb5 Nd4 17. Nxd4 exd4 18. Nc4 Nd5 19. a4 Qd7 20. Qc2 Bh3 21. e4
dxe3 22. Nxe3 Bxg2 23. Nxg2 Rbd8 24. Rcd1 Ne7 25. Bc3 Nc6 26. Rfe1 Bd4 27. Nf4
Rfe8 28. Rxe8+ Rxe8 29. Re1 Ne5 30. Re4 f5 31. Qb3+ c4 32. Rxd4 cxb3 33. Rxd7
Nxd7 34. d4 Rc8 35. Kf1 Rxc3 0-1

[Event "5th Novi Sad it"]
[Site "Novi Sad"]
[Date "1976.10.16"]
[EventDate "1976.09.29"]
[Round "15.6"]
[White "Sigurjonsson, Gudmundur"]
[Black "Gligoric, Svetozar"]
[Result "1/2-1/2"]
[WhiteElo "2530"]
[BlackElo "2575"]
[PlyCount "49"]
[Source "Perpetual Check"]

1. e4 e5 2. Nf3 Nc6 3. Bb5 a6 4. Ba4 Nf6 5. O-O Be7 6. Re1 b5 7. Bb3 d6 8. c3
O-O 9. h3 Nb8 10. d4 Nbd7 11. Nbd2 Bb7 12. Bc2 Re8 13. Nf1 Bf8 14. Ng3 g6 15.
a4 c5 16. d5 Nb6 17. a5 Nc4 18. b4 cxb4 19. cxb4 Bc8 20. Nd2 Bd7 21. Nxc4 bxc4
22. Ra3 Bb5 23. Bd2 Bg7 24. Rf3 Rf8 25. Ne2 1/2-1/2

[Event "5th Novi Sad it"]
[Site "Novi Sad"]
[Date "1976.10.16"]
[EventDate "1976.09.29"]
[Round "15.7"]
[White "Hort, Vlastimil"]
[Black "Notaros, Krasoje"]
[Result "1/2-1/2"]
[WhiteElo "2600"]
[BlackElo "2350"]
[PlyCount "114"]
[Source "Perpetual Check"]

1. d4 g6 2. c4 Bg7 3. Nc3 d6 4. Nf3 Nd7 5. e4 e5 6. Be2 exd4 7. Nxd4 Ngf6 8.
O-O O-O 9. Be3 Nc5 10. f3 a5 11. Qd2 Ne8 12. Rfd1 Bd7 13. Bf1 c6 14. Nb3 Nxb3
15. axb3 Be6 16. Na4 Qf6 17. Nb6 Ra6 18. c5 Rxb6 19. cxb6 Bxb3 20. Bd4 Qd8 21.
Rdc1 a4 22. Bc4 Bxd4+ 23. Qxd4 c5 24. Qe3 Bxc4 25. Rxc4 Qxb6 26. Ra2 Nc7 27.
Rcxa4 Ne6 28. Qc3 Nd4 29. Qc4 Kg7 30. Kh1 Re8 31. Qc3 Qb5 32. Ra1 f6 33. Ra5
Qb6 34. R5a2 h5 35. h4 Re7 36. Qc4 Rf7 37. Rd1 Qd8 38. b4 b6 39. Kg1 f5 40.
Rxd4 cxd4 41. Qxd4+ Qf6 42. Rd2 fxe4 43. fxe4 Qxd4+ 44. Rxd4 Rf6 45. g3 Rf3 46.
Kg2 Rb3 47. Rxd6 Rxb4 48. Kf3 Kf7 49. Kf4 Rb5 50. Rc6 Rb3 51. Ke5 Rxg3 52. Rc7+
Kf8 53. Kf6 Rf3+ 54. Kxg6 Rf4 55. e5 Rxh4 56. Rb7 Rh1 57. Rxb6 Ke7 1/2-1/2

[Event "5th Novi Sad it"]
[Site "Novi Sad"]
[Date "1976.10.16"]
[EventDate "1976.09.29"]
[Round "15.8"]
[White "Velimirovic, Dragoljub"]
[Black "Ivkov, Borislav"]
[Result "1/2-1/2"]
[WhiteElo "2525"]
[BlackElo "2520"]
[PlyCount "35"]
[Source "Perpetual Check"]

1. e4 e5 2. Nf3 Nc6 3. Bb5 Nf6 4. O-O Nxe4 5. d4 Nd6 6. Bxc6 dxc6 7. dxe5 Nf5
8. Qxd8+ Kxd8 9. Rd1+ Ke8 10. Nc3 Be6 11. h3 h6 12. Bf4 Bb4 13. Ne2 Bd5 14.
Nfd4 Nxd4 15. Nxd4 Rd8 16. Be3 Be4 17. c3 Be7 18. Re1 1/2-1/2